• 首页
  • 本馆介绍
  • 公告通知
  • 最新文献
  • 馆藏检索
  • 电子资源
  • 读者导购
  • 参考咨询
  • 我的图书馆
  • 登录
  • 详细信息显示
  • 放入我的书架
  • 预约/预借图书
  • 作者相关作品
  • 分类相关作品
  • 丛书相关作品
  • 出版社相关作品

书目信息

  • 表格格式
  • 工作单格式
  • 卡片格式
题名:
三角互证与混合方法
    
 
作者: 弗里克 著 ;郑春萍 译
分册:  
出版信息: 上海   格致出版社  2021.1
页数: 167页
开本: 23cm
丛书名:
单 册:
中图分类: G312
科图分类:
主题词: 研究方法
电子资源:
ISBN: 978-7-5432-3184-9
000 02229nam0 2200289 45
001 012001004200
005 20141014152327.0
010    @a978-7-5432-3184-9@dCNY49.00
100    @a20210104d2021 em y0chiy0110 ea
101 1  @achi@cger
102    @aCN@b310000
105    @aak az 000yy
106    @ar
200 1  @a三角互证与混合方法@Asan jiao hu zheng yu hun he fang fa@f(德)伍威·弗里克著@g郑春萍译
210    @a上海@c格致出版社@c上海人民出版社@d2021.1
215    @a167页@c图@d23cm
300    @a格致方法 质性研究方法译丛
306    @a本书中文简体字版由SAGE Publications, Ltd.授权上海世纪出版股份有限公司格致出版社独家出版发行
314    @a伍威·弗里克,德国柏林自由大学质性研究教授,心理学家和社会学家,拥有柏林自由大学的博士学位。他的主要研究方向包括定性研究方法、难民和移民后进入劳动力市场的机会、健康的社会表征、脆弱性、无家可归青年,以及日常生活科技变革等。著有《SAGE质性数据分析手册》《质性研究工具箱丛书》等。
320    @a有书目(第154-164页)
330    @a这套书是由欧洲质性研究权威学者伍威·弗里克(Uwe Flick)主编的一套质性研究方法丛书,全套共10种,将由SAGE陆续出版,至2018年9月全部出齐,目前只出了1种。单册篇幅与《SAGE商科研究方法丛书》类似,约160~170页,全套10种共1 750页左右。计划单种首印量3 000册。质性研究是通过研究者与研究对象的互动,在自然情境下研究社会现象的方法,强调倾听、文化情境和同理心。质性研究是有浓厚人文关怀的研究范式,也是对数据至上的量化风潮的重要补充。质性研究近年来发展迅猛,在社会学、管理学、人类学等多个学科引领了风潮。许多从业人员、研究者和学生希望进行质性研究,但不知道应该如何实际操作。这套书的目的就在于手把手地教读者如何做质性研究。写作风格继承了SAGE研究方法的优良传统,超级简单实用,全是干货。每本书都是针对一个具体研究方法的傻瓜入门指南,由该领域最权威的学者执笔。第二版在2007年第一版基础上有了全面更新和扩充,涵盖了当今最重要、最先进的质性研究工具。丛书中的每一本会从具体方法特有的角度去探讨的质性研究的关键议题,比如伦理、研究设计与品质评估。读者可以获得对同一个问题的不同处理视角。此外,丛书各本书之间也有大量的相互参照,使得这套书对任何学科背景的读者来说,都是一个有机的质性研究资源库。
606 0  @a研究方法
690    @aG312@v5
701  1 @c(德)@a弗里克@Afu li ke@c(Flick, Uwe@4著
702  0 @a郑春萍@Azheng chun ping@4译
801    @aCN@bAHXH@c20210922
905    @b1329894-8@dG312@e32@f5
    
    三角互证与混合方法/(德)伍威·弗里克著/郑春萍译.-上海:格致出版社:上海人民出版社,2021.1
    167页:图;23cm
    格致方法 质性研究方法译丛
    
    ISBN 978-7-5432-3184-9:CNY49.00
    这套书是由欧洲质性研究权威学者伍威·弗里克(Uwe Flick)主编的一套质性研究方法丛书,全套共10种,将由SAGE陆续出版,至2018年9月全部出齐,目前只出了1种。单册篇幅与《SAGE商科研究方法丛书》类似,约160~170页,全套10种共1 750页左右。计划单种首印量3 000册。质性研究是通过研究者与研究对象的互动,在自然情境下研究社会现象的方法,强调倾听、文化情境和同理心。质性研究是有浓厚人文关怀的研究范式,也是对数据至上的量化风潮的重要补充。质性研究近年来发展迅猛,在社会学、管理学、人类学等多个学科引领了风潮。许多从业人员、研究者和学生希望进行质性研究,但不知道应该如何实际操作。这套书的目的就在于手把手地教读者如何做质性研究。写作风格继承了SAGE研究方法的优良传统,超级简单实用,全是干货。每本书都是针对一个具体研究方法的傻瓜入门指南,由该领域最权威的学者执笔。第二版在2007年第一版基础上有了全面更新和扩充,涵盖了当今最重要、最先进的质性研究工具。丛书中的每一本会从具体方法特有的角度去探讨的质性研究的关键议题,比如伦理、研究设计与品质评估。读者可以获得对同一个问题的不同处理视角。此外,丛书各本书之间也有大量的相互参照,使得这套书对任何学科背景的读者来说,都是一个有机的质性研究资源库。
●
相关链接 在E读中查询图书 在五车中查询图书 在当当中查询图书 在豆瓣中查询图书


正题名:三角互证与混合方法     索取号:G312/32         预约/预借

序号 登录号 条形码 馆藏地/架位号 状态 备注
1 1329894   213298947   第一样本阅览室/ [索取号:G312/32] 在馆    
2 1329895   213298956   教育系资料室/ [索取号:G312/32] 在馆    
3 1329896   213298965   教育系资料室/ [索取号:G312/32] 在馆    
4 1329897   213298974   第四借阅区/ [索取号:G312/32] 在馆    
5 1329898   213298983   第四借阅区/ [索取号:G312/32] 在馆    
唐山师范学院图书馆 欢迎您!
大连网信软件有限公司© 版权所有